Catálogo
 En Linea

Cinco formas de curar enfermedades y malestares cotidianos / (Registro nro. 27402)

Detalles MARC
000 -CABECERA
campo de control de longitud fija 00796nam a2200181 a 4500
001 - NÚMERO DE CONTROL
campo de control 000027910
005 - FECHA Y HORA DE LA ÚLTIMA TRANSACCIÓN
campo de control 20200930031208.0
008 - DATOS DE LONGITUD FIJA--INFORMACIÓN GENERAL
campo de control de longitud fija 110405s2012 sp a 000 0 spa d
040 ## - FUENTE DE LA CATALOGACIÓN
Centro catalogador/agencia de origen DO-SdBNP
Lengua de catalogación spa
Centro/agencia transcriptor BNPHU
082 ## - NÚMERO DE LA CLASIFICACIÓN DECIMAL DEWEY
Número de clasificación 9788495818850
245 00 - MENCIÓN DE TÍTULO
Título Cinco formas de curar enfermedades y malestares cotidianos /
Mención de responsabilidad, etc. Víctor Sierpina ... [et al.].
246 04 - FORMA VARIANTE DE TÍTULO
Título propio/Titulo breve Tratamientos fáciles y efectivos para los problemas de salud más comunes
260 ## - PUBLICACIÓN, DISTRIBUCIÓN, ETC.
Lugar de publicación, distribución, etc. España :
Nombre del editor, distribuidor, etc. Ediciones Daly,
Fecha de publicación, distribución, etc. 2012.
300 ## - DESCRIPCIÓN FÍSICA
Extensión 313 p. :
Otras características físicas il. ;
Dimensiones 33 cm.
500 ## - NOTA GENERAL
Nota general A la cabeza del título: tratamientos fáciles y efectivos para los problemas de salud más comunes
505 0# - NOTA DE CONTENIDO CON FORMATO
Información miscelánea Medicina convencional
-- Homeopatía
-- Hierbas medicinales
-- Medicina china tradicional
-- Medicina natural
700 1# - PUNTO DE ACCESO ADICIONAL--NOMBRE DE PERSONA
Nombre de persona Sierpina, Víctor
Término indicativo de función/relación ed.
9 (RLIN) 54974
Existencias
Estado de retiro Estado de pérdida Restricciones de uso No para préstamo Código de colección Localización permanente Ubicación/localización actual Ubicación en estantería Fecha de adquisición Número de inventario Total de préstamos Signatura topográfica completa Código de barras Fecha visto por última vez Precio válido a partir de Tipo de ítem Koha Número de copia
        Monografías: Libros y Folletos General General Orden iniciada 05.04.2011 LF1   9788495818850 27910-10 25.06.2020 25.06.2020 No se presta  
      Préstamo restrigido Monografías: Libros y Folletos General General Orden iniciada 05.04.2011 LF1   9788495818850 27910-20 25.06.2020 25.06.2020 No se presta e. 2

Con tecnología Koha